ბათუმის შოთა რუსთაველის სახელმწიფო უნივერსიტეტის ბიბლიოთეკა

ამირანმთა (ბიბ.ჩანაწერი № 48888)

000 -LEADER
fixed length control field 00651nam a2200229Ia 4500
001 - CONTROL NUMBER
control field 15791
003 - CONTROL NUMBER IDENTIFIER
control field GE_BSU
008 - FIXED-LENGTH DATA ELEMENTS--GENERAL INFORMATION
fixed length control field 181216s||||||||xx |||||||||||||| ||und||
040 ## - CATALOGING SOURCE
Transcribing agency GE_BSU
080 ## - UNIVERSAL DECIMAL CLASSIFICATION NUMBER
Universal Decimal Classification number 821.353.1-11
100 ## - MAIN ENTRY--PERSONAL NAME
Personal name ჭელიძე, ოთარ
245 ## - TITLE STATEMENT
Title ამირანმთა
245 ## - TITLE STATEMENT
Remainder of title პოემა
245 ## - TITLE STATEMENT
Statement of responsibility, etc. რედ.მ.ქოიავა. მხატვ.ო.ჯიშკარიანი
260 ## - PUBLICATION, DISTRIBUTION, ETC.
Place of publication, distribution, etc. თბილისი
260 ## - PUBLICATION, DISTRIBUTION, ETC.
Name of publisher, distributor, etc. მერანი
260 ## - PUBLICATION, DISTRIBUTION, ETC.
Date of publication, distribution, etc. 1970
300 ## - PHYSICAL DESCRIPTION
Extent 102გვ. ; 17სმ.
653 ## - INDEX TERM--UNCONTROLLED
Uncontrolled term ამირანმთა
653 ## - INDEX TERM--UNCONTROLLED
Uncontrolled term პოემა
942 ## - ADDED ENTRY ELEMENTS (KOHA)
Koha item type წიგნი
ეგზემპლარები
Withdrawn status Lost status Damaged status Not for loan Date acquired Barcode Date last seen Price effective from Koha item type
        2018-12-17 39228 2018-12-17 2018-12-17 წიგნი